00322nam a2200109Ia 450000500170000000800410001710000170005824500860007526000310016130000110019265000090020320260328101446.0260328s9999||||xx |||||||||||||| ||und|| aMino, Yukata 0aBeauty and tranquility :b The Eli Lilly collection of Chinese art /cYukata Mino bIndianapolis Museum of Art a368 p. aARTE